[Event "Titled Tuesday intern op 22nd Aug Early"]
[Site "Chess.com INT"]
[Date "2023.08.22"]
[Round "4"]
[White "Bold, Andre"]
[Black "Shahaliyev, Ismayil Bahram"]
[Result "1/2-1/2"]
[WhiteElo "2194"]
[BlackElo "2385"]
[PlyCount "172"]
[EventDate "2023.08.22"]
[EventType "swiss (blitz)"]
[EventRounds "11"]
[EventCountry "USA"]
[SourceTitle "EXT 2024"]
[Source "ChessBase"]
[SourceDate "2023.10.10"]
[SourceVersion "1"]
[SourceVersionDate "2023.10.10"]
[SourceQuality "1"]

1. d4 Nf6 2. Nc3 e6 3. e4 d5 4. exd5 exd5 5. Bd3 Bg4 6. Nge2 Bd6 7. f3 Bh5 8. Nb5 Bg6 9. Nxd6+ Qxd6 10. c3 Bxd3 11. Qxd3 0-0 12. Bf4 Qb6 13. 0-0-0 a5 14. g4 a4 15. Be5 Nbd7 16. a3 Rfe8 17. Bxf6 Qxf6 18. Ng3 Qf4+ 19. Rd2 Re3 20. Qf5 Qxf5 21. Nxf5 Rxf3 22. Ne7+ Kf8 23. Nxd5 c6 24. Nb4 Re8 25. Nd3 Re4 26. Rg1 Ke7 27. Kc2 Kd6 28. Rgg2 b6 29. Rgf2 Ree3 30. Rxf3 Rxf3 31. Rf2 Rxf2+ 32. Nxf2 Kd5 33. Kd3 b5 34. Nd1 Nb6 35. Ne3+ Ke6 36. c4 Nxc4 37. Nxc4 bxc4+ 38. Kxc4 h5 39. h3 hxg4 40. hxg4 f5 41. gxf5+ Kxf5 42. b3 axb3 43. Kxb3 g5 44. a4 g4 45. a5 g3 46. a6 g2 47. a7 g1Q 48. a8Q Qb1+ 49. Kc3 Qc1+ 50. Kd3 Qd1+ 51. Kc3 Qe1+ 52. Kd3 Qe4+ 53. Kc3 Qf3+ 54. Kc4 Qe2+ 55. Kc3 Qe6 56. Qa5+ Ke4 57. Qg5 Qh3+ 58. Kb2 Kxd4 59. Qf6+ Kc5 60. Qe7+ Kd5 61. Qf7+ Qe6 62. Qf3+ Qe4 63. Qf7+ Kc5 64. Qa7+ Kd6 65. Qb8+ Ke7 66. Qc7+ Ke6 67. Kc3 Qd5 68. Qc8+ Qd7 69. Qxd7+ Kxd7 70. Kc4 Kd6 71. Kd4 c5+ 72. Kc4 Kc6 73. Kc3 Kd5 74. Kd3 c4+ 75. Kc3 Kc5 76. Kc2 Kd4 77. Kd2 Kd5 78. Kc3 Kc5 79. Kc2 Kb4 80. Kb2 c3+ 81. Kc2 Kc4 82. Kc1 Kd4 83. Kc2 Kc4 84. Kc1 Kb3 85. Kb1 c2+ 86. Kc1 Kc3 1/2-1/2

[Event "Titled Tuesday intern op 22nd Aug Early"]
[Site "Chess.com INT"]
[Date "2023.08.22"]
[Round "11"]
[White "Shahaliyev, Ismayil Bahram"]
[Black "Bacrot, Etienne"]
[Result "1-0"]
[WhiteElo "2385"]
[BlackElo "2662"]
[PlyCount "79"]
[EventDate "2023.08.22"]
[EventType "swiss (blitz)"]
[EventRounds "11"]
[EventCountry "USA"]
[SourceTitle "EXT 2024"]
[Source "ChessBase"]
[SourceDate "2023.10.10"]
[SourceVersion "1"]
[SourceVersionDate "2023.10.10"]
[SourceQuality "1"]

1. c4 c5 2. b3 g6 3. Bb2 Nf6 4. g3 Bg7 5. Bg2 0-0 6. Nf3 d6 7. 0-0 e5 8. Nc3 Nh5 9. Ne1 f5 10. Nd5 f4 11. b4 Nc6 12. e3 cxb4 13. exf4 exf4 14. Bxg7 Kxg7 15. a3 Nd4 16. axb4 Kh6 17. Ra3 Bf5 18. g4 Qg5 19. gxf5 gxf5 20. Nf3 Nxf3+ 21. Qxf3 Rae8 22. Rxa7 Rg8 23. Rxb7 Rg6 24. Kh1 Reg8 25. Rg1 Re8 26. b5 Qh4 27. Rf7 Rg3 28. Qd1 Kg6 29. Rd7 Kh6 30. Rxd6+ Kg7 31. Rd7+ Kg8 32. b6 Rg4 33. b7 Qxf2 34. Bf3 Ng3+ 35. hxg3 fxg3 36. Nf6+ Kf8 37. Nxg4 fxg4 38. Bg2 Kg8 39. Rf1 Qd4 40. Rxd4 1-0

[Event "Baku op"]
[Site "Baku"]
[Date "2023.05.09"]
[Round "6"]
[White "Shahaliyev, Ismayil Bahram"]
[Black "Bayramov, Zaur"]
[Result "1-0"]
[WhiteElo "2400"]
[BlackElo "2310"]
[PlyCount "98"]
[EventDate "2023.05.04"]
[EventType "swiss"]
[EventRounds "9"]
[EventCountry "AZE"]
[SourceTitle "CBM 214 Extra"]
[Source "ChessBase"]
[SourceDate "2023.07.31"]
[SourceVersion "1"]
[SourceVersionDate "2023.07.31"]
[SourceQuality "1"]

1. d4 Nf6 2. c4 d6 3. Nf3 g6 4. g3 Bg7 5. Bg2 0-0 6. Nc3 Nc6 7. 0-0 Bf5 8. d5 Na5 9. Nd2 c5 10. e4 Bg4 11. Qc2 e5 12. a3 Rc8 13. Rb1 a6 14. b3 b5 15. Re1 bxc4 16. b4 Nb3 17. Nxb3 cxb3 18. Qxb3 Qd7 19. Bd2 cxb4 20. Qxb4 Bh3 21. Qb7 Bxg2 22. Kxg2 Qxb7 23. Rxb7 Rb8 24. Reb1 Rxb7 25. Rxb7 Ra8 26. f3 Ne8 27. g4 Bf6 28. Kf1 Bd8 29. Ke2 Ba5 30. Na4 Bxd2 31. Kxd2 h5 32. Nb6 Rd8 33. gxh5 gxh5 34. a4 h4 35. Ra7 a5 36. Rxa5 Rb8 37. Nc4 Kg7 38. Rb5 Rc8 39. Kd3 Nf6 40. Nxd6 Rc1 41. Nf5+ Kg6 42. Nxh4+ Kg5 43. Ng2 Ra1 44. a5 Ra2 45. h4+ Kh5 46. Ne3 Kxh4 47. Nc4 Kg3 48. Nxe5 Kf4 49. Nxf7 Kxf3 1-0

[Event "Baku op"]
[Site "Baku"]
[Date "2023.05.08"]
[Round "5"]
[White "Allahverdiyeva, Ayan"]
[Black "Shahaliyev, Ismayil Bahram"]
[Result "1-0"]
[WhiteElo "2055"]
[BlackElo "2400"]
[PlyCount "79"]
[EventDate "2023.05.04"]
[EventType "swiss"]
[EventRounds "9"]
[EventCountry "AZE"]
[SourceTitle "CBM 214 Extra"]
[Source "ChessBase"]
[SourceDate "2023.07.31"]
[SourceVersion "1"]
[SourceVersionDate "2023.07.31"]
[SourceQuality "1"]

1. e4 c5 2. Nf3 e6 3. d4 cxd4 4. Nxd4 Nc6 5. Nc3 Qc7 6. Be3 Nf6 7. Qf3 a6 8. 0-0-0 Ne5 9. Qg3 b5 10. f4 Neg4 11. Bg1 b4 12. Na4 h5 13. e5 Nd5 14. h3 Nh6 15. Bd3 Bb7 16. f5 h4 17. Qe1 Be7 18. Be4 Rc8 19. g4 Bg5+ 20. Kb1 Qa5 21. Nb6 Qxb6 22. Nxe6 Qb5 23. Rxd5 Bxd5 24. Nxg5 0-0 25. Bh2 Qa5 26. Bxd5 Qxd5 27. f6 Rc4 28. b3 Rd4 29. Rf1 Rc8 30. Nf3 Re4 31. Qf2 Rc3 32. Nd2 Rd4 33. Bf4 Rxh3 34. Rg1 g5 35. Bxg5 Nxg4 36. Be3 Rg3 37. Qf5 Rxg1+ 38. Bxg1 Nxe5 39. Qg5+ Ng6 40. Qh6 1-0

[Event "AZE-ch Prelim 77th"]
[Site "Baku"]
[Date "2023.01.19"]
[Round "7"]
[White "Shahaliyev, Ismayil Bahram"]
[Black "Safarli, Eltaj"]
[Result "0-1"]
[WhiteElo "2406"]
[BlackElo "2618"]
[PlyCount "88"]
[EventDate "2023.01.13"]
[EventType "swiss"]
[EventRounds "9"]
[EventCountry "AZE"]
[SourceTitle "CBM 212 Extra"]
[Source "ChessBase"]
[SourceDate "2023.03.31"]
[SourceVersion "1"]
[SourceVersionDate "2023.03.31"]
[SourceQuality "1"]

1. d4 Nf6 2. c4 e6 3. g3 d5 4. Nf3 Be7 5. Bg2 0-0 6. 0-0 dxc4 7. Qc2 b6 8. Ne5 Qxd4 9. Nxc4 Nd5 10. Rd1 Qc5 11. e4 Nb4 12. Qe2 b5 13. Ne3 N4c6 14. b4 Nxb4 15. Bb2 N4c6 16. Nc3 Bf6 17. e5 Bxe5 18. Rac1 Qb4 19. Ng4 Bd4 20. a3 Qb3 21. Ba1 Ba6 22. Rxd4 Nxd4 23. Nf6+ Kh8 24. Qe5 Nbc6 25. Bxc6 Qxa3 26. Rd1 Rad8 27. Nh5 f6 28. Qxc7 Rg8 29. Nxf6 Ne2+ 30. Kg2 Rxd1 31. Nxd1 Rc8 32. Qe5 Qe7 33. Nh5 Rxc6 34. Nxg7 Kg8 35. Qxe2 Bb7 36. f3 Qc5 37. Nf2 Ra6 38. Be5 Ra3 39. Kh3 Re3 40. Ng4 Rxe2 41. Nh6+ Kf8 42. Nxe6+ Ke8 43. Nxc5 Rxe5 44. Nxb7 Rh5+ 0-1

[Event "AZE-ch Rapid"]
[Site "Baku"]
[Date "2022.12.03"]
[Round "9"]
[White "Shahaliyev, Ismayil Bahram"]
[Black "Muradli, Mahammad"]
[Result "0-1"]
[WhiteElo "2406"]
[BlackElo "2540"]
[PlyCount "108"]
[EventDate "2022.12.02"]
[EventType "swiss (rapid)"]
[EventRounds "9"]
[EventCountry "AZE"]
[SourceTitle "CBM 211 Extra"]
[Source "ChessBase"]
[SourceDate "2023.01.31"]
[SourceVersion "1"]
[SourceVersionDate "2023.01.31"]
[SourceQuality "1"]

1. d4 Nf6 2. c4 g6 3. Nc3 Bg7 4. e4 d6 5. Be2 0-0 6. Bg5 c5 7. d5 b5 8. cxb5 a6 9. a4 Qa5 10. Bd2 axb5 11. Bxb5 Na6 12. Nf3 Nb4 13. 0-0 Qb6 14. Bf4 Ne8 15. Nd2 Nc7 16. Nc4 Qb7 17. Nxd6 exd6 18. Bxd6 Nxb5 19. Nxb5 Bd7 20. Bxf8 Rxf8 21. Rc1 Bxb5 22. axb5 Qxb5 23. Qb3 Bd4 24. Qc4 Qb8 25. Rcd1 Qb6 26. Kh1 Re8 27. Rde1 Bxb2 28. f4 Bd4 29. e5 Qa6 30. Qxa6 Nxa6 31. d6 Nb4 32. Rb1 f6 33. d7 Rd8 34. e6 Kf8 35. g4 f5 36. gxf5 gxf5 37. Rb3 Ke7 38. Re1 Nd5 39. Rg3 Nxf4 40. Rf3 Nxe6 41. Rxf5 Rxd7 42. Rh5 Kd6 43. Rh6 Re7 44. Kg2 Kd5 45. Rb1 Nf4+ 46. Kf3 Nd3 47. h4 Rf7+ 48. Kg3 Be5+ 49. Kh3 c4 50. Rb5+ Ke4 51. Rc6 Kf3 52. h5 Nf2+ 53. Kh4 Bg3+ 54. Kg5 Ne4+ 0-1

[Event "AZE-ch Rapid"]
[Site "Baku"]
[Date "2022.12.03"]
[Round "7"]
[White "Suleymanli, Aydin Elshan"]
[Black "Shahaliyev, Ismayil Bahram"]
[Result "1/2-1/2"]
[WhiteElo "2543"]
[BlackElo "2406"]
[PlyCount "146"]
[EventDate "2022.12.02"]
[EventType "swiss (rapid)"]
[EventRounds "9"]
[EventCountry "AZE"]
[SourceTitle "CBM 211 Extra"]
[Source "ChessBase"]
[SourceDate "2023.01.31"]
[SourceVersion "1"]
[SourceVersionDate "2023.01.31"]
[SourceQuality "1"]

1. c4 e6 2. Nc3 d5 3. d4 Nf6 4. cxd5 exd5 5. Bg5 c6 6. e3 Be7 7. Bd3 h6 8. Bf4 Bd6 9. Nge2 0-0 10. 0-0 Re8 11. Qc2 a5 12. a3 Na6 13. Rab1 b5 14. Na2 Bxf4 15. Nxf4 Bd7 16. b4 Qe7 17. Qb2 Nc7 18. Bc2 Rec8 19. Nd3 Nce8 20. Nc5 Nd6 21. Qc3 a4 22. Nc1 Bf5 23. Bxf5 Nxf5 24. N1d3 Nd6 25. Ne5 Nfe4 26. Nxe4 Nxe4 27. Qc2 f6 28. Nd3 Nd6 29. Nc5 Re8 30. Rbe1 Rad8 31. Qc3 Qf7 32. f3 Qg6 33. e4 dxe4 34. fxe4 Nxe4 35. Nxe4 Rxe4 36. Qxc6 Rexd4 37. Qxb5 Rd2 38. Re2 Qc2 39. Rfe1 Rxe2 40. Qxe2 Qxe2 41. Rxe2 Rd3 42. b5 Rxa3 43. Re4 Rb3 44. Rxa4 Rxb5 45. Ra7 Rb4 46. Kf2 Kh7 47. Kf3 h5 48. g3 h4 49. Ra5 Kh6 50. Ra2 Kg5 51. Kg2 f5 52. Kh3 g6 53. Ra5 Re4 54. Rb5 Ra4 55. Rc5 Re4 56. Rb5 Kh6 57. Ra5 Re2 58. Rc5 Rf2 59. gxh4 Rf3+ 60. Kg2 Ra3 61. Rc4 Kh5 62. Rb4 Ra2+ 63. Kg3 Ra3+ 64. Kg2 Ra2+ 65. Kg3 Rc2 66. Ra4 Rc3+ 67. Kg2 Rc2+ 68. Kg3 Rc3+ 69. Kg2 Rd3 70. Rb4 Re3 71. Ra4 Re2+ 72. Kg3 Re3+ 73. Kg2 Re2+ 1/2-1/2

[Event "AZE-ch Rapid"]
[Site "Baku"]
[Date "2022.12.02"]
[Round "2"]
[White "Asadli, Vugar Afgan Oglu"]
[Black "Shahaliyev, Ismayil Bahram"]
[Result "1-0"]
[WhiteElo "2567"]
[BlackElo "2406"]
[PlyCount "95"]
[EventDate "2022.12.02"]
[EventType "swiss (rapid)"]
[EventRounds "9"]
[EventCountry "AZE"]
[SourceTitle "CBM 211 Extra"]
[Source "ChessBase"]
[SourceDate "2023.01.31"]
[SourceVersion "1"]
[SourceVersionDate "2023.01.31"]
[SourceQuality "1"]

1. e4 e6 2. d4 d5 3. Nd2 c5 4. Ngf3 cxd4 5. Nxd4 Nc6 6. Bb5 Bd7 7. Nxc6 Bxc6 8. Bxc6+ bxc6 9. 0-0 Nf6 10. Qe2 Be7 11. b3 0-0 12. Bb2 Re8 13. e5 Nd7 14. f4 g6 15. g4 Rb8 16. Kh1 c5 17. c4 Nb6 18. Rad1 Qc7 19. Bc3 Qb7 20. Kg1 Rbd8 21. Ba5 Qa6 22. Bxb6 axb6 23. Nf3 dxc4 24. bxc4 Qa3 25. Kg2 Qc3 26. Rb1 Rd7 27. Rb3 Qa5 28. Rfb1 Red8 29. R1b2 Rd1 30. Rxb6 Qa8 31. Rb8 Qa4 32. Rxd8+ Rxd8 33. Kg3 Qa3 34. Rd2 Rb8 35. Qd3 Qc1 36. a4 h5 37. gxh5 gxh5 38. f5 exf5 39. Qxf5 Rb6 40. Kh3 Qf1+ 41. Rg2+ Rg6 42. Nh4 Qxf5+ 43. Nxf5 Bd8 44. e6 Kf8 45. Rxg6 fxg6 46. e7+ Bxe7 47. Nxe7 Kxe7 48. Kh4 1-0

[Event "Nakhchivan op"]
[Site "Nakhchivan"]
[Date "2022.05.09"]
[Round "3"]
[White "Shahaliyev, Ismayil Bahram"]
[Black "Israilov, Agil"]
[Result "1-0"]
[WhiteElo "2386"]
[BlackElo "1876"]
[PlyCount "65"]
[EventDate "2022.05.08"]
[EventType "swiss"]
[EventRounds "9"]
[EventCountry "AZE"]
[SourceTitle "EXT 2023"]
[Source "ChessBase"]
[SourceDate "2022.10.05"]
[SourceVersion "1"]
[SourceVersionDate "2022.10.05"]
[SourceQuality "1"]

1. d4 Nf6 2. Nc3 d5 3. Bf4 g6 4. Nb5 Na6 5. e3 Bg7 6. Nf3 0-0 7. h3 c6 8. Nc3 Qb6 9. Rb1 Bf5 10. Bd3 Bxd3 11. cxd3 c5 12. Be5 e6 13. dxc5 Nxc5 14. 0-0 Ne8 15. b4 Nd7 16. Bxg7 Nxg7 17. Qa4 Rfd8 18. Rfc1 Nf5 19. Qb3 Rac8 20. Na4 Qd6 21. e4 Rxc1+ 22. Rxc1 dxe4 23. dxe4 Nd4 24. Nxd4 Qxd4 25. Rd1 Qf6 26. Qd3 b6 27. Qd6 Kg7 28. Qc7 Qe7 29. Nc3 Kf8 30. Nb5 a6 31. Na7 Qe8 32. a4 h5 33. b5 1-0

[Event "Titled Tuesday intern op 05th Apr Early"]
[Site "Chess.com INT"]
[Date "2022.04.05"]
[Round "4"]
[White "Sliwicka, Alicja"]
[Black "Shahaliyev, Ismayil Bahram"]
[Result "1-0"]
[WhiteElo "2273"]
[BlackElo "2386"]
[PlyCount "37"]
[EventDate "2022.04.05"]
[EventType "swiss (blitz)"]
[EventRounds "11"]
[EventCountry "USA"]
[SourceTitle "CBM 207 Extra"]
[Source "ChessBase"]
[SourceDate "2022.05.31"]
[SourceVersion "1"]
[SourceVersionDate "2022.05.31"]
[SourceQuality "1"]

1. e4 c5 2. Nf3 a6 3. c4 b6 4. d4 cxd4 5. Nxd4 Ra7 6. Nc3 Bb7 7. Be2 Ba8 8. 0-0 e6 9. Be3 Nf6 10. f3 d5 11. cxd5 exd5 12. e5 Nfd7 13. f4 Nc5 14. Bf3 Be7 15. Nf5 0-0 16. Nxd5 Bxd5 17. Qxd5 Rd7 18. Qc4 b5 19. Nxe7+ 1-0

[Event "Titled Tuesday intern op 05th Apr Early"]
[Site "Chess.com INT"]
[Date "2022.04.05"]
[Round "1"]
[White "Todorovic, Bojan"]
[Black "Shahaliyev, Ismayil Bahram"]
[Result "0-1"]
[WhiteElo "2222"]
[BlackElo "2386"]
[PlyCount "52"]
[EventDate "2022.04.05"]
[EventType "swiss (blitz)"]
[EventRounds "11"]
[EventCountry "USA"]
[SourceTitle "CBM 207 Extra"]
[Source "ChessBase"]
[SourceDate "2022.05.31"]
[SourceVersion "1"]
[SourceVersionDate "2022.05.31"]
[SourceQuality "1"]

1. d4 Nf6 2. Bg5 Ne4 3. Bf4 c5 4. d5 Qb6 5. Bc1 e6 6. f3 Nf6 7. c4 exd5 8. cxd5 c4 9. Nc3 Bc5 10. Nh3 d6 11. Na4 Qa5+ 12. Bd2 Bb4 13. Nc3 Bxh3 14. gxh3 Na6 15. Rg1 0-0 16. a3 Bc5 17. Ne4 Nxe4 18. fxe4 Qb6 19. e3 Bxe3 20. Rg2 Rfe8 21. Bc3 Bh6 22. Qg4 Qe3+ 23. Be2 Rxe4 24. Qh5 Nc5 25. Bd2 Nd3+ 26. Kd1 Qxd2# 0-1

[Event "Titled Tuesday intern op 08th Mar Early"]
[Site "Chess.com INT"]
[Date "2022.03.08"]
[Round "4"]
[White "Erigaisi, Arjun Kumar"]
[Black "Shahaliyev, Ismayil Bahram"]
[Result "1-0"]
[WhiteElo "2660"]
[BlackElo "2386"]
[PlyCount "97"]
[EventDate "2022.03.08"]
[EventType "swiss (blitz)"]
[EventRounds "11"]
[EventCountry "USA"]
[SourceTitle "CBM 207 Extra"]
[Source "ChessBase"]
[SourceDate "2022.05.31"]
[SourceVersion "1"]
[SourceVersionDate "2022.05.31"]
[SourceQuality "1"]

1. c4 Nf6 2. Nc3 c5 3. Nf3 Nc6 4. e4 e5 5. d3 a6 6. g3 Rb8 7. a4 d6 8. Bg2 g6 9. h3 Bg7 10. Be3 Nd4 11. 0-0 h6 12. Rb1 Nc6 13. Ne1 g5 14. Nc2 a5 15. Nd5 Nxd5 16. cxd5 Ne7 17. Qh5 0-0 18. Na3 Bd7 19. b3 f5 20. exf5 Nxf5 21. Nc4 b5 22. axb5 Bxb5 23. Be4 Be8 24. Qg4 Bd7 25. Qh5 Be8 26. Qe2 Bd7 27. Kh2 Qc7 28. Qa2 Ra8 29. Bd2 a4 30. b4 Rfb8 31. bxc5 Qxc5 32. Be3 Nxe3 33. fxe3 a3 34. Rxb8+ Rxb8 35. Qxa3 Qxa3 36. Nxa3 Rb2+ 37. Bg2 e4 38. dxe4 Re2 39. Nc4 Be5 40. Nxe5 dxe5 41. Rf6 Kg7 42. Rd6 Bb5 43. Rb6 Bd3 44. Kg1 Rxe3 45. d6 Re1+ 46. Kf2 Rd1 47. Bf3 Ra1 48. d7 Ra8 49. Rd6 1-0

[Event "Titled Tuesday intern op 22nd Feb Late"]
[Site "Chess.com INT"]
[Date "2022.02.22"]
[Round "3"]
[White "Shahaliyev, Ismayil Bahram"]
[Black "Sjugirov, Sanan"]
[Result "0-1"]
[WhiteElo "2380"]
[BlackElo "2680"]
[PlyCount "114"]
[EventDate "2022.02.22"]
[EventType "swiss (blitz)"]
[EventRounds "11"]
[EventCountry "USA"]
[SourceTitle "CBM 207 Extra"]
[Source "ChessBase"]
[SourceDate "2022.05.31"]
[SourceVersion "1"]
[SourceVersionDate "2022.05.31"]
[SourceQuality "1"]

1. d4 Nf6 2. c4 g6 3. Nf3 Bg7 4. g3 0-0 5. Bg2 d6 6. 0-0 c6 7. Nc3 Bf5 8. Ne1 e5 9. d5 cxd5 10. cxd5 Na6 11. e4 Bg4 12. f3 Bd7 13. Be3 b5 14. a3 Qb8 15. b4 Rc8 16. Qd2 Nc7 17. Nd3 Be8 18. Rfb1 Nd7 19. Bh3 Rd8 20. Rc1 Nb6 21. Nb2 a5 22. Qf2 Nc4 23. Nxc4 bxc4 24. bxa5 Bd7 25. Bxd7 Rxd7 26. Rab1 Qc8 27. Bb6 Bh6 28. Rc2 f5 29. exf5 gxf5 30. Qe2 Ne8 31. Nd1 Rb7 32. Rxc4 Qd7 33. Rbb4 Nf6 34. Nc3 Qf7 35. Rh4 Bg5 36. Rhc4 Nxd5 37. Nxd5 Qxd5 38. a6 Rf7 39. Kg2 Kg7 40. a7 Qe6 41. Rc6 Be7 42. Qc4 Qh6 43. Rb2 f4 44. Rc8 d5 45. Qc6 Rxc8 46. Qxc8 e4 47. Qg4+ Bg5 48. a8Q fxg3 49. hxg3 exf3+ 50. Qxf3 Rxf3 51. Kxf3 Qf6+ 52. Kg4 Qxb2 53. Qb7+ Kg6 54. Qc6+ Bf6 55. Be3 Qe2+ 56. Kf4 Qf1+ 57. Kg4 Qf5# 0-1

[Event "AZE-ch Prelim 76th"]
[Site "Nakhchivan"]
[Date "2022.02.11"]
[Round "7"]
[White "Shahaliyev, Ismayil Bahram"]
[Black "Ahmadzada, Ahmad Samir"]
[Result "0-1"]
[WhiteElo "2380"]
[BlackElo "2467"]
[PlyCount "84"]
[EventDate "2022.02.05"]
[EventType "swiss"]
[EventRounds "9"]
[EventCountry "AZE"]
[SourceTitle "CBM 206 Extra"]
[Source "ChessBase"]
[SourceDate "2022.03.31"]
[SourceVersion "1"]
[SourceVersionDate "2022.03.31"]
[SourceQuality "1"]

1. d4 Nf6 2. c4 c5 3. d5 e6 4. Nc3 exd5 5. cxd5 d6 6. Nf3 g6 7. g3 Bg7 8. Bg2 0-0 9. 0-0 Re8 10. Bf4 h6 11. Qc1 g5 12. Be3 a6 13. a4 Bf5 14. h4 g4 15. Nd2 Rxe3 16. fxe3 Bg6 17. Nc4 Nh5 18. Qe1 Qe7 19. Qf2 Nd7 20. a5 f5 21. Ra4 Rb8 22. Ra3 Ne5 23. Nd2 b5 24. axb6 Rxb6 25. Nd1 f4 26. gxf4 g3 27. Qe1 Qxh4 28. Nf3 Nxf3+ 29. Rxf3 Bf5 30. e4 Qh2+ 31. Kf1 Bh3 32. Rxg3 Nxg3+ 33. Rxg3 Bxg2+ 34. Rxg2 Qxf4+ 35. Kg1 Qxe4 36. Qg3 Qd4+ 37. Nf2 Rxb2 38. Qxd6 Rxe2 39. Qb8+ Kh7 40. Qb1+ Kg8 41. Qb8+ Kf7 42. Kf1 Qc4 0-1

[Event "AZE-ch Prelim 76th"]
[Site "Nakhchivan"]
[Date "2022.02.08"]
[Round "4"]
[White "Babazada, Khazar Araz"]
[Black "Shahaliyev, Ismayil Bahram"]
[Result "1/2-1/2"]
[WhiteElo "2427"]
[BlackElo "2380"]
[PlyCount "116"]
[EventDate "2022.02.05"]
[EventType "swiss"]
[EventRounds "9"]
[EventCountry "AZE"]
[SourceTitle "CBM 206 Extra"]
[Source "ChessBase"]
[SourceDate "2022.03.31"]
[SourceVersion "1"]
[SourceVersionDate "2022.03.31"]
[SourceQuality "1"]

1. e4 e6 2. d4 d5 3. Nc3 Bb4 4. e5 c5 5. a3 Bxc3+ 6. bxc3 Ne7 7. a4 Qc7 8. Nf3 h6 9. Bd3 b6 10. 0-0 Ba6 11. Bxa6 Nxa6 12. Qe2 Nb8 13. a5 bxa5 14. dxc5 Nd7 15. Nd4 0-0 16. Qa6 Nxe5 17. Rxa5 Nc4 18. Rb5 Qc8 19. Qa4 a6 20. Rb1 Qxc5 21. Rb7 Ra7 22. Rb3 Rc8 23. Qa1 Nc6 24. Ne2 a5 25. Ba3 Nxa3 26. Rxa3 Rb8 27. Nf4 Rab7 28. Nd3 Qd6 29. Ra4 e5 30. f3 Re7 31. Qe1 Rbe8 32. Qg3 Qb8 33. Rg4 f6 34. Kh1 Qa7 35. Qh4 Kh7 36. Qh5 a4 37. Rg6 Qa6 38. Rg1 Qb6 39. g4 e4 40. g5 fxg5 41. R1xg5 Rg8 42. Nf4 Qe3 43. Rxg7+ Rgxg7 44. Qxh6+ Kg8 45. Rxg7+ Rxg7 46. Qe6+ Kf8 47. Qf6+ Ke8 48. Qxc6+ Rd7 49. Qc8+ Ke7 50. Ng6+ Kd6 51. Qb8+ Rc7 52. Qd8+ Rd7 53. Qb8+ Rc7 54. Qd8+ Kc6 55. Ne5+ Kb7 56. Qxd5+ Ka7 57. Qa5+ Kb7 58. Qd5+ Ka7 1/2-1/2

[Event "US Masters"]
[Site "Charlotte"]
[Date "2021.11.25"]
[Round "3"]
[White "Shahaliyev, Ismayil Bahram"]
[Black "Yanayt, Eugene"]
[Result "1-0"]
[WhiteElo "2396"]
[BlackElo "2026"]
[PlyCount "69"]
[EventDate "2021.11.24"]
[EventType "swiss"]
[EventRounds "9"]
[EventCountry "USA"]
[SourceTitle "CBM 205 Extra"]
[Source "ChessBase"]
[SourceDate "2022.01.31"]
[SourceVersion "1"]
[SourceVersionDate "2022.01.31"]
[SourceQuality "1"]

1. d4 Nf6 2. Nf3 g6 3. g3 Bg7 4. Bg2 0-0 5. 0-0 d6 6. a4 Nc6 7. a5 a6 8. c4 e5 9. d5 Ne7 10. Nc3 Ne8 11. e4 f5 12. Ng5 h6 13. Ne6 Bxe6 14. dxe6 c6 15. c5 fxe4 16. cxd6 Nxd6 17. Qb3 Nb5 18. Be3 Nxc3 19. bxc3 Qd5 20. Qxb7 Qxe6 21. Bc5 Rfe8 22. Bxe7 Qxe7 23. Qxc6 Qf6 24. Qxe4 Rac8 25. Rab1 Red8 26. Rb6 Rd6 27. Qb7 Rxc3 28. Qxa6 Rcd3 29. Be4 R3d4 30. Rxd6 Rxd6 31. Qe2 Bf8 32. Ra1 Ra6 33. Bb7 e4 34. Ra2 Ra7 35. a6 1-0